000 005660000a22001810004500
090 _aAR
_b03752
245 1 0 _aRecruitment rates in forest plots
_sgf estimates using growth rates and size distributions
650 1 4 _aEcología forestal
_993578
650 1 4 _aArboles
_992511
650 1 4 _aComunidades arbóreas
_997525
650 1 4 _aDinámica poblacional
_9608
650 1 4 _aModelación
_992835
041 0 _aInglés
700 1 _aTakada, Takenori
_997534
100 1 _aKohyama, Takashi
_997535
942 _cARTICULO
773 1 _tJournal of Ecology
_m1998
_q633-639
_g86
999 _c12788
_d12788